000 00722nam a2200253Ia 4500
003 OSt
005 20220923222706.0
006 a|||||r|||| 00| 0
007 ta
008 220922b |||||||| |||| 00| 0 hin d
024 _a207,114
037 _cTextual
040 _aARTS
_cARTS
_bhin
041 _2hin
_ahin
082 _aO152,6N234x, L7
100 _aशिवानी
245 0 _aझरोखा
246 _aZarokhā
260 _aदिल्ली
_b सरस्वती प्रका0
_c1977
300 _a127पृ.
_ccm.
650 _aहिन्दी साहित्य
_9156264
942 _hO152,6N234x, L7
_cTEXL
_2CC
999 _c357733
_d357733